<?xml version="1.0" encoding="UTF-8"?>
<record
    xmlns:xsi="http://www.w3.org/2001/XMLSchema-instance"
    xsi:schemaLocation="http://www.loc.gov/MARC21/slim http://www.loc.gov/standards/marcxml/schema/MARC21slim.xsd"
    xmlns="http://www.loc.gov/MARC21/slim">

  <leader>00528cam1a220016900 4500</leader>
  <controlfield tag="001">tmp15590408</controlfield>
  <controlfield tag="003">UPRA</controlfield>
  <controlfield tag="005">20190823083552.0</controlfield>
  <datafield tag="035" ind1=" " ind2=" ">
    <subfield code="a">(Sirsi) r10408</subfield>
  </datafield>
  <datafield tag="050" ind1=" " ind2=" ">
    <subfield code="a">PS 3511.A86 MIC 1966</subfield>
  </datafield>
  <controlfield tag="008">950915s1966    enk                deng u</controlfield>
  <datafield tag="100" ind1="1" ind2=" ">
    <subfield code="a">Millgate, Michael.</subfield>
    <subfield code="6">A5626.1</subfield>
  </datafield>
  <datafield tag="245" ind1="1" ind2="4">
    <subfield code="a">The achievement of William Faulkner.</subfield>
  </datafield>
  <datafield tag="260" ind1=" " ind2=" ">
    <subfield code="a">London :</subfield>
    <subfield code="b">Constable,</subfield>
    <subfield code="c">[1966]</subfield>
  </datafield>
  <datafield tag="504" ind1=" " ind2=" ">
    <subfield code="a">Bibliographical notes: p. 295-332.</subfield>
  </datafield>
  <datafield tag="600" ind1="1" ind2="0">
    <subfield code="a">Faulkner, William, 1897-1962.</subfield>
    <subfield code="d">Faulkner, William, 1897-1962.</subfield>
    <subfield code="6">S35181.2</subfield>
  </datafield>
  <datafield tag="999" ind1=" " ind2=" ">
    <subfield code="c">139919</subfield>
    <subfield code="d">139919</subfield>
  </datafield>
</record>
